Estatísticas para Países com Maior Elevação Média

Clique aqui para jogar o quiz

Estatísticas Gerais

  • Esse quiz foi jogado 1 142 vezes
  • A pontuação média é 11 de 20

Estatísticas das Respostas

MetrosPaísPés% Correto
1840China6,037
91%
3265Nepal10,712
91%
1871Chile6,138
88%
1555Peru5,102
83%
1192Bolívia3,911
82%
3280Butão10,761
80%
1350Suíça4,429
71%
1528Mongólia5,013
70%
1305Irã4,281
61%
3186Tajiquistão10,453
61%
1884Afeganistão6,181
60%
2988Quirguistão9,803
57%
1432Geórgia4,698
47%
1792Armênia5,879
45%
1996Andorra6,549
38%
1330Etiópia4,364
29%
1250Líbano4,101
25%
2161Lesoto7,090
24%
1598Ruanda5,243
24%
1504Burundi4,934
22%

Distribuição das Pontuações

Percentil de Números Respondidos

Porcentagem de Pessoas com Cada Pontuação

Sua Pontuação Histórica

Você não jogou esse quiz